| 000 -LEADER |
| fixed length control field |
01697cam a22003617a 4500 |
| 001 - CONTROL NUMBER |
| control field |
14787482 |
| 005 - DATE AND TIME OF LATEST TRANSACTION |
| control field |
20170208090645.0 |
| 008 - FIXED-LENGTH DATA ELEMENTS--GENERAL INFORMATION |
| fixed length control field |
070328s2008 nyua b s001 0 eng |
| 010 ## - LIBRARY OF CONGRESS CONTROL NUMBER |
| LC control number |
2007013095 |
| 020 ## - INTERNATIONAL STANDARD BOOK NUMBER |
| International Standard Book Number |
9780791473177 (hardcover : alk. paper) |
| 020 ## - INTERNATIONAL STANDARD BOOK NUMBER |
| International Standard Book Number |
0791473171 (hardcover : alk. paper) |
| 035 ## - SYSTEM CONTROL NUMBER |
| System control number |
(OCoLC)ocn122701488 |
| 035 ## - SYSTEM CONTROL NUMBER |
| System control number |
(OCoLC)122701488 |
| 040 ## - CATALOGING SOURCE |
| Original cataloging agency |
DLC |
| Transcribing agency |
DLC |
| Modifying agency |
BTCTA |
| -- |
BAKER |
| -- |
YDXCP |
| -- |
C#P |
| -- |
BWX |
| -- |
DLC |
| 043 ## - GEOGRAPHIC AREA CODE |
| Geographic area code |
nwcu--- |
| -- |
n-us--- |
| 050 00 - LIBRARY OF CONGRESS CALL NUMBER |
| Classification number |
NX512.3 |
| Item number |
.C83I34 2008 |
| 245 00 - TITLE STATEMENT |
| Title |
Identity, memory, and diaspora : |
| Remainder of title |
voices of Cuban-American artists, writers, and philosophers / |
| Statement of responsibility, etc. |
edited by Jorge J.E. Gracia, Lynette M.F. Bosch and Isabel Alvarez Borland. |
| 260 ## - PUBLICATION, DISTRIBUTION, ETC. (IMPRINT) |
| Place of publication, distribution, etc. |
Albany : |
| Name of publisher, distributor, etc. |
State University of New York Press, |
| Date of publication, distribution, etc. |
c2008. |
| 300 ## - PHYSICAL DESCRIPTION |
| Extent |
xii, 284 p. : |
| Other physical details |
col. ill. ; |
| Dimensions |
24 cm. |
| 440 #0 - SERIES STATEMENT/ADDED ENTRY--TITLE |
| Title |
SUNY series in Latin American and Iberian thought and culture |
| 504 ## - BIBLIOGRAPHY, ETC. NOTE |
| Bibliography, etc |
Includes bibliographical references (p. 261-265) and index. |
| 650 #0 - SUBJECT ADDED ENTRY--TOPICAL TERM |
| Topical term or geographic name as entry element |
Cuban American art. |
| 650 #0 - SUBJECT ADDED ENTRY--TOPICAL TERM |
| Topical term or geographic name as entry element |
American literature |
| General subdivision |
Cuban American authors. |
| 650 #0 - SUBJECT ADDED ENTRY--TOPICAL TERM |
| Topical term or geographic name as entry element |
Cuban American philosophy. |
| 700 1# - ADDED ENTRY--PERSONAL NAME |
| Personal name |
Gracia, Jorge J. E. |
| 700 1# - ADDED ENTRY--PERSONAL NAME |
| Personal name |
Bosch, Lynette M. F. |
| 700 1# - ADDED ENTRY--PERSONAL NAME |
| Personal name |
Alvarez-Borland, Isabel. |
| 856 41 - ELECTRONIC LOCATION AND ACCESS |
| Materials specified |
Table of contents only |
| Uniform Resource Identifier |
<a href="http://www.loc.gov/catdir/toc/ecip0714/2007013095.html">http://www.loc.gov/catdir/toc/ecip0714/2007013095.html</a> |
| 942 ## - ADDED ENTRY ELEMENTS (KOHA) |
| Source of classification or shelving scheme |
|
| Koha item type |
Hard Covered Materials |
| Classification part |
NX512.3 .C83I34 2008 |